Handbook of papermaking (Record no. 39111)

MARC details
000 -LEADER
fixed length control field 00274nam a2200109Ia 4500
082 ## - DEWEY DECIMAL CLASSIFICATION NUMBER
Classification number 676.02(035)
Item number HIG
100 ## - MAIN ENTRY--AUTHOR NAME
Personal name Higham, Robert R A
245 #0 - TITLE STATEMENT
Title Handbook of papermaking
260 ## - PUBLICATION, DISTRIBUTION, ETC. (IMPRINT)
Place of publication London
Name of publisher Business
Year of publication 1963
942 ## - ADDED ENTRY ELEMENTS (KOHA)
Koha item type Books
Holdings
Withdrawn status Lost status Damaged status Not for loan Home library Current library Date acquired Cost, normal purchase price Full call number Accession Number Koha item type
        RRII Library RRII Library 16/12/2021 31.50 676.02(035) HIG 19456 Books